000 00321pab a2200145 454500
008 180718b1995 xxu||||| |||| 00| 0 eng d
100 _aHicks, Colin
245 _aPublic service ethics
260 _c1995
300 _ap.24-26
362 _aSep
650 _aCivil service
773 _aPublic Sector
909 _a29786
999 _c29786
_d29786